000 01409nam a22002537a 4500
005 20120508124312.0
010 _aB-457941-945
020 _a9788182473584
_c695.00
035 _aB-457941-945
037 _adpl
_bK.K.Pub
082 _a160
100 _aSingh, R.K
_947075
245 _aBasic Rules of Reasoning /
_cby R.K.Singh
260 _aChandigarh
_bAbhishek Pub
_c2011
270 _aS. C. O. 57-59, Sector-17C Basement
_bChandigarh
_k01722704668
300 _avii,205p
_c20cm(Hb)
942 _2ddc
_cEN
_h160
_mSIN
999 _c66320
_d66320